Prínos zavedenia výrobných buniek pri zvyšovaní produktivity práce v AVC, a.s.s

História firmy Automobilová výroba a.s. Čadca (AVC, a.s.). Zvyšovanie produktivity práce vo výrobe. Budovanie výrobných buniek pre výrobu ozubených kolies v AVC, a.s., ktoré podstatnou mierou pomáhajú dosahovať zrovnateľné parametre produktivity práce s vyspelými výrobami podobnej produkcie na európ...

Ausführliche Beschreibung

Gespeichert in:
Bibliographische Detailangaben
1. Verfasser: Poláček, Anton
Format: Buchkapitel
Sprache:Slowakisch
Schlagworte:
Tags: Tag hinzufügen
Keine Tags, Fügen Sie das erste Tag hinzu!

MARC

LEADER 00000naa a2200000 4500
001 r043902
005 20231002121053.6
041 0 |a slo 
044 |a SK 
245 1 0 |a Prínos zavedenia výrobných buniek pri zvyšovaní produktivity práce v AVC, a.s.s  |c Anton Poláček 
520 |a História firmy Automobilová výroba a.s. Čadca (AVC, a.s.). Zvyšovanie produktivity práce vo výrobe. Budovanie výrobných buniek pre výrobu ozubených kolies v AVC, a.s., ktoré podstatnou mierou pomáhajú dosahovať zrovnateľné parametre produktivity práce s vyspelými výrobami podobnej produkcie na európskom trhu. Technologický postup. 
610 2 0 |a produktivita práce 
610 2 0 |a zvyšovanie produktivity 
610 2 0 |a výroba 
610 2 0 |a linky výrobné 
610 2 0 |a postupy technologické 
610 2 0 |a znižovanie nákladov 
610 2 0 |a priemysel automobilový 
610 2 0 |a Automobilová výroba a.s. Čadca 
100 1 |a Poláček, Anton